000 00642nam a22002057a 4500
999 _c174017
_d174017
005 20200313165922.0
010 _aENG-128037
020 _a9789381496114
_c130.00
035 _aEN-111569
037 _bDBAD/PUB
082 _a616.132
100 _aKothari, Manu
245 _aRevisting High Blood Pressure
_cby Manu Kothari (and ) Lopa Mehta
260 _aMumbai
_bBhalani Publishing House
_c2012
270 _a11 Mavawala Building Opp. K.E.M. Hospital Parel
_bMumbai
_mhbhalani@gmail.com
300 _aviii;86p.
_c22cm(pbk)
500 _aincludes Index
700 _aMehta Lopa
942 _2ddc
_cEN
_h616.132
_mKOT
_e.